00434 a2200145 4500001000700000003000400007005001700011008004100028082001600069245010100085260003400186300001000220700002900230700002900259132165OSt20211012124715.0  a331.4bA95A1 aAdvancing women's careers : research and practicecedited by Ronald J. Burke and Debra L. Nelson aUkbBlackwell Publisherc2002 a356p. aBurke, Ronald J.eEditor aNelson, Debra L.eEditor